|
|
|
|
| LEADER |
01321nam a22003494a 4500 |
| 001 |
38441 |
| 003 |
BD-DhAAL |
| 005 |
20220419150458.0 |
| 008 |
220419t2005 nyua b 001 0 eng |
| 999 |
|
|
|c 44118
|d 44118
|
| 010 |
|
|
|a 2005273083
|
| 020 |
|
|
|a 0143034790 (trade pbk.)
|
| 020 |
|
|
|a 1594200130
|
| 020 |
|
|
|a 9780143031797
|
| 040 |
|
|
|a DLC
|c DLC
|d DLC
|d BD-DhAAL
|
| 042 |
|
|
|a pcc
|
| 043 |
|
|
|a n-us---
|
| 050 |
0 |
0 |
|a JZ1480
|b .F47 2005
|
| 082 |
|
|
|a 327.73
|2 23
|
| 100 |
1 |
|
|a Ferguson, Niall.
|9 48113
|
| 245 |
1 |
0 |
|a Colossus :
|b the rise and fall of the American empire /
|c Niall Ferguson.
|
| 260 |
|
|
|a New York :
|b Penguin Books,
|c 2005.
|
| 300 |
|
|
|a xxix, 386 pages :
|b illustrations ;
|c 22 cm.
|
| 504 |
|
|
|a Includes bibliographical references (p. [344]-366) and index.
|
| 541 |
|
|
|a Donated by Akbar Ali Khan
|e 38441
|
| 650 |
|
0 |
|a Imperialism.
|9 48114
|
| 651 |
|
0 |
|a United States
|x Foreign relations
|y 2001-
|9 48115
|
| 651 |
|
0 |
|a United States
|x Foreign relations
|y 20th century.
|9 48116
|
| 651 |
|
0 |
|a United States
|x Foreign relations
|x Philosophy.
|9 48117
|
| 852 |
|
|
|a Ayesha Abed Library
|c Akbar Ali Khan Collection
|
| 942 |
|
|
|2 ddc
|c BK
|
| 952 |
|
|
|0 0
|1 0
|2 ddc
|4 0
|6 327_730000000000000_FER
|7 1
|9 70530
|a BRACUL
|b BRACUL
|c AAKC
|d 2022-04-19
|e Donated by Akbar Ali Khan
|l 0
|o 327.73 FER
|p 3010038441
|r 2022-04-19
|t 1
|w 2022-04-19
|y BK
|